[Event "60. BEM 2006"]
[Site "Dortmund"]
[Date "2006.03.09"]
[Round "3.6"]
[White "Hartung, Thomas"]
[Black "Begna, Bozidar"]
[Result "0-1"]
[WhiteElo "1866"]
[BlackElo "2002"]
[PlyCount "78"]
[EventDate "2006.??.??"]
[Source "SG Dortmund"]
[SourceDate "2004.12.16"]

1. e4 Nf6 2. e5 Nd5 3. d4 d6 4. c4 Nb6 5. f4 dxe5 6. fxe5 Nc6 7. Be3 Bf5 8. Nc3
e6 9. Nf3 Nb4 10. Rc1 c5 11. a3 cxd4 12. Nxd4 Nc6 13. Nxc6 Qxd1+ 14. Rxd1 bxc6
15. Be2 Be7 16. O-O O-O 17. b4 Rfd8 18. c5 Nd7 19. g4 Bc2 20. Rd2 Bb3 21. Rb1
Bd5 22. Nxd5 exd5 23. Bf4 g5 24. Bg3 a5 25. Bd3 axb4 26. axb4 Nf8 27. Rf1 Ne6
28. Bxh7+ Kg7 29. Rdf2 Rf8 30. Bf5 Ra4 31. Bxe6 fxe6 32. Rxf8 Bxf8 33. Be1 Be7
34. Kg2 Ra2+ 35. Rf2 Ra1 36. Bc3 Ra3 37. Rc2 Bd8 38. Kf2 Bc7 39. Ke3 Bxe5 0-1

[Event "60. BEM 2006"]
[Site "Dortmund"]
[Date "2006.03.09"]
[Round "3.7"]
[White "Hardt, Helmut"]
[Black "Tkachuk, Konstantyn"]
[Result "0-1"]
[WhiteElo "1861"]
[BlackElo "1927"]
[PlyCount "86"]
[EventDate "2006.??.??"]
[Source "SG Dortmund"]
[SourceDate "2004.12.16"]

1. e4 e5 2. Bc4 Nf6 3. Qe2 Nc6 4. Nf3 Bc5 5. O-O O-O 6. c3 Bb6 7. b4 Re8 8. a4
a6 9. d3 d5 10. exd5 Nxd5 11. Bg5 f6 12. Bd2 Bf5 13. Nh4 Be6 14. Na3 Qd7 15. b5
axb5 16. axb5 Na7 17. Kh1 Rad8 18. Nf3 Bf7 19. Rfd1 Kh8 20. Rab1 Ba5 21. Bxd5
Bxd5 22. c4 Bxf3 23. gxf3 Bxd2 24. Rxd2 Nc8 25. Nc2 Nd6 26. Ne3 Nf7 27. Rg1 Ng5
28. Rdd1 Re6 29. Rg3 Rd6 30. h4 Ne6 31. Nd5 c6 32. bxc6 bxc6 33. Nb4 Nf4 34.
Qe4 Nxd3 35. Nxd3 Rxd3 36. Rxd3 Qxd3 37. Qg4 Qd7 38. Qe4 Qd4 39. Qxd4 Rxd4 40.
Rg4 f5 41. Rg5 Rxh4+ 42. Kg2 g6 43. c5 Kg7 0-1

[Event "60. BEM 2006"]
[Site "Dortmund"]
[Date "2006.03.09"]
[Round "3.8"]
[White "Gorzinski, Dariusz"]
[Black "Mrozinski, Werner"]
[Result "0-1"]
[WhiteElo "1830"]
[BlackElo "1899"]
[PlyCount "52"]
[EventDate "2006.??.??"]
[Source "SG Dortmund"]
[SourceDate "2004.12.16"]

1. c4 Nf6 2. g3 g6 3. Bg2 Bg7 4. Nc3 O-O 5. e4 c5 6. Nge2 e5 7. O-O Nc6 8. d3
h6 9. f4 d6 10. h3 a6 11. Be3 Rb8 12. fxe5 Nxe5 13. Nd5 Nxd5 14. cxd5 b5 15.
Qd2 Kh7 16. b3 f5 17. d4 cxd4 18. Nxd4 fxe4 19. Rxf8 Qxf8 20. Rf1 Qg8 21. Bxe4
Bxh3 22. Rc1 Qf7 23. Ne6 Bxe6 24. dxe6 Qxe6 25. Rc7 Qg4 26. Bxh6 Qxg3+ 0-1

[Event "60. BEM 2006"]
[Site "Dortmund"]
[Date "2006.03.09"]
[Round "3.9"]
[White "Borjini, Mohamed"]
[Black "Zelt, Jens"]
[Result "1/2-1/2"]
[WhiteElo "1979"]
[BlackElo "2036"]
[PlyCount "75"]
[EventDate "2006.??.??"]
[Source "SG Dortmund"]
[SourceDate "2004.12.16"]

1. Nf3 f5 2. d4 g6 3. c4 Bg7 4. g3 Nf6 5. Bg2 O-O 6. O-O c6 7. d5 d6 8. Nc3 c5
9. Qc2 Na6 10. a3 Nc7 11. b3 Rb8 12. a4 a6 13. a5 b5 14. axb6 Rxb6 15. Bb2 Rb8
16. e4 fxe4 17. Ng5 e3 18. fxe3 Bd7 19. Nce4 Rb6 20. Nxf6+ exf6 21. Ne4 Qe7 22.
Rae1 f5 23. Nd2 Bxb2 24. Qxb2 Qg7 25. Qxg7+ Kxg7 26. e4 fxe4 27. Rxf8 Kxf8 28.
Bxe4 Ne8 29. Kg2 Nf6 30. Bc2 Kf7 31. h3 h5 32. Nf3 Nh7 33. Nh4 Nf8 34. Rf1+ Kg7
35. Kh2 Rb7 36. Re1 Kf7 37. Nf3 Nh7 38. Nh4 1/2-1/2

[Event "60. BEM 2006"]
[Site "Dortmund"]
[Date "2006.03.09"]
[Round "3.10"]
[White "Volmer, Martin"]
[Black "Grewe, Markus"]
[Result "1/2-1/2"]
[WhiteElo "1704"]
[BlackElo "1751"]
[PlyCount "56"]
[EventDate "2006.??.??"]
[Source "SG Dortmund"]
[SourceDate "2004.12.16"]

1. d4 d5 2. c4 e6 3. Nc3 Nf6 4. Bg5 Be7 5. cxd5 exd5 6. Qc2 Nc6 7. e3 O-O 8. a3
h6 9. Bh4 Re8 10. Nf3 Bg4 11. Be2 Nh7 12. Bxe7 Nxe7 13. O-O c6 14. Bd3 g6 15.
Ne5 Bf5 16. b4 Bxd3 17. Qxd3 Kg7 18. Qe2 Nf5 19. g4 Nd6 20. Qd3 Qh4 21. f4 Nf6
22. Qe2 Nde4 23. Nxe4 Nxe4 24. f5 g5 25. Qg2 h5 26. gxh5 Qxh5 27. Rf3 Rh8 28.
a4 a6 1/2-1/2

[Event "60. BEM 2006"]
[Site "Dortmund"]
[Date "2006.03.09"]
[Round "3.11"]
[White "Orlowski, Wilfried"]
[Black "Iwannek, Ralf"]
[Result "0-1"]
[WhiteElo "1590"]
[BlackElo "1808"]
[PlyCount "74"]
[EventDate "2006.??.??"]
[Source "SG Dortmund"]
[SourceDate "2004.12.16"]

1. c4 e6 2. Nc3 Nf6 3. d3 Be7 4. e4 d6 5. Rb1 a6 6. b4 a5 7. b5 b6 8. Be2 d5 9.
cxd5 exd5 10. e5 Bb4 11. Bd2 d4 12. Bf3 dxc3 13. Rxb4 cxd2+ 14. Qxd2 axb4 15.
Bxa8 Nd5 16. Ne2 O-O 17. O-O Be6 18. Rc1 Qe7 19. d4 Rd8 20. Qc2 Rd7 21. Qa4 f6
22. Qa7 c6 23. Qxb8+ Rd8 24. Qb7 Qe8 25. Rxc6 Nc3 26. Nxc3 bxc3 27. Qxb6 Bd5
28. Rxc3 Rxa8 29. a3 Qg6 30. f3 Qb1+ 31. Kf2 Qb2+ 32. Kg3 Qxc3 33. exf6 Qe1+
34. Kf4 Qh4+ 35. Ke5 Qg5+ 36. Kd6 Qxf6+ 37. Kc5 Rc8+ 0-1

[Event "60. BEM 2006"]
[Site "Dortmund"]
[Date "2006.03.09"]
[Round "3.12"]
[White "Gielisch, Eckhart"]
[Black "Rzoczek, Christoph"]
[Result "1-0"]
[WhiteElo "1807"]
[BlackElo "1577"]
[PlyCount "100"]
[EventDate "2006.??.??"]
[Source "SG Dortmund"]
[SourceDate "2004.12.16"]

1. d4 Nf6 2. c4 c6 3. Nf3 d5 4. Nc3 Nbd7 5. Bg5 e6 6. e3 Be7 7. Rc1 O-O 8. a3
h6 9. Bh4 Nh7 10. Bxe7 Qxe7 11. Bd3 Nhf6 12. O-O e5 13. dxe5 Nxe5 14. cxd5 Bg4
15. Be2 Rad8 16. Nxe5 Bxe2 17. Nxc6 bxc6 18. Qxe2 Nxd5 19. Rfd1 Nxc3 20. Rxc3
Rxd1+ 21. Qxd1 Rd8 22. Rd3 Rxd3 23. Qxd3 Qc5 24. Qc3 Qxc3 25. bxc3 f5 26. Kf1
Kf7 27. Ke2 Ke6 28. Kd3 Kd5 29. f3 g5 30. e4+ fxe4+ 31. fxe4+ Ke5 32. a4 h5 33.
g3 h4 34. gxh4 gxh4 35. Ke3 h3 36. Kf3 c5 37. a5 a6 38. Ke3 Ke6 39. Kf4 Kf6 40.
c4 Kg6 41. Ke5 Kg5 42. Kd6 Kf4 43. e5 Kf3 44. e6 Kg2 45. e7 Kxh2 46. e8=Q Kg1
47. Kxc5 h2 48. Kd4 h1=Q 49. Qe1+ Kg2 50. Qxh1+ Kxh1 1-0

[Event "60. BEM 2006"]
[Site "Dortmund"]
[Date "2006.03.09"]
[Round "3.13"]
[White "Benke, Werner"]
[Black "Sonntag, Joachim"]
[Result "1/2-1/2"]
[WhiteElo "1552"]
[BlackElo "1787"]
[PlyCount "89"]
[EventDate "2006.??.??"]
[Source "SG Dortmund"]
[SourceDate "2004.12.16"]

1. e4 c5 2. Nf3 d6 3. d4 cxd4 4. Nxd4 Nf6 5. Nc3 e6 6. Be2 Nc6 7. O-O Be7 8.
Kh1 O-O 9. f4 Qb6 10. Nb3 a6 11. a3 Qc7 12. Be3 b5 13. Qe1 Bb7 14. Bf3 Nd7 15.
Qf2 Bf6 16. Nd4 Nxd4 17. Bxd4 Bxd4 18. Qxd4 Nb6 19. Ne2 d5 20. exd5 Bxd5 21.
Bxd5 Nxd5 22. c3 Rad8 23. Rad1 Rfe8 24. Qe4 Nf6 25. Qf3 Qc5 26. Rxd8 Rxd8 27.
Nd4 h5 28. g3 Ng4 29. h3 Nf6 30. Kh2 Rd5 31. Re1 a5 32. Re2 b4 33. axb4 axb4
34. Nb3 Qb5 35. Nd4 Qc4 36. Qe3 bxc3 37. bxc3 Rc5 38. Rc2 Nd5 39. Qf3 Qa4 40.
Qd3 Qa3 41. Ne2 Qb3 42. Rc1 Rc8 43. Qa6 Rc7 44. Qd3 Rb7 45. Kg2 1/2-1/2

[Event "60. BEM 2006"]
[Site "Dortmund"]
[Date "2006.03.09"]
[Round "3.14"]
[White "Klein, Hans-Joachim"]
[Black "Ruchay, Dietrich"]
[Result "0-1"]
[WhiteElo "1781"]
[BlackElo "1490"]
[PlyCount "120"]
[EventDate "2006.??.??"]
[Source "SG Dortmund"]
[SourceDate "2004.12.16"]

1. d4 Nf6 2. a3 d5 3. Bf4 e6 4. e3 Bd6 5. Bg3 Bxg3 6. hxg3 c6 7. Nf3 Nbd7 8. c4
Qc7 9. cxd5 exd5 10. Nc3 Ne4 11. Bd3 Ndf6 12. Rc1 Nxc3 13. Rxc3 Bg4 14. Qc2
Bxf3 15. gxf3 g6 16. a4 O-O 17. g4 Qe7 18. Qe2 Qb4 19. Qc2 Rfe8 20. Kf1 Qe7 21.
Kg2 Kg7 22. Rc5 Nd7 23. Rc3 Qg5 24. Be2 Qe7 25. Qd2 Rh8 26. e4 dxe4 27. fxe4
Qxe4+ 28. Bf3 Qe7 29. Re3 Qg5 30. Be2 Rae8 31. Qc3 Rxe3 32. fxe3 Nf6 33. Rh3 h5
34. b4 Nd5 35. Qb3 Re8 36. Kf2 hxg4 37. Rg3 Qf5+ 38. Kg2 Qg5 39. Kf2 Qh4 40.
Kg2 Qe7 41. Kf2 f5 42. Bc4 Nf6 43. Bd3 Nh5 44. e4 Nxg3 45. Kxg3 fxe4 46. Be2
Qd6+ 47. Kxg4 Qe6+ 48. Qxe6 Rxe6 49. Kf4 e3 50. Kf3 Kf6 51. b5 Kf5 52. Bc4 Re7
53. a5 e2 54. Bd3+ Kf6 55. Bxe2 Rxe2 56. bxc6 bxc6 57. Kxe2 Ke6 58. a6 Kd5 59.
Kd3 g5 60. Ke3 g4 0-1

[Event "60. BEM 2006"]
[Site "Dortmund"]
[Date "2006.03.09"]
[Round "3.15"]
[White "Zabel, Reinhard"]
[Black "Grube, Jörg"]
[Result "0-1"]
[WhiteElo "1466"]
[BlackElo "1776"]
[PlyCount "108"]
[EventDate "2006.??.??"]
[Source "SG Dortmund"]
[SourceDate "2004.12.16"]

1. e4 c5 2. c3 d6 3. d4 Nf6 4. Bd3 Nc6 5. dxc5 dxc5 6. Bg5 Qd7 7. Nf3 Qg4 8.
Bxf6 gxf6 9. g3 Bd7 10. Nbd2 O-O-O 11. Qc2 Bh6 12. Be2 Qg8 13. O-O-O e6 14. Kb1
Bf8 15. Nc4 Be7 16. Rd2 Kc7 17. Rhd1 Qf8 18. e5 Qg7 19. Nd6 Bc8 20. Nxc8 Kxc8
21. exf6 Bxf6 22. Qe4 Rxd2 23. Rxd2 Rd8 24. Ba6 Kc7 25. Bb5 Rxd2 26. Nxd2 Nd8
27. Qd3 Nc6 28. Qc4 Be7 29. Qe4 Qh6 30. Nf3 Nd8 31. Qd3 Bd6 32. Ba4 Qh3 33. b4
cxb4 34. Qc4+ Nc6 35. Bxc6 bxc6 36. Nd4 Qg2 37. Nb5+ Kd7 38. Nxd6 Qg1+ 39. Kc2
Qxf2+ 40. Kb3 Kxd6 41. Qxb4+ Qc5 42. Qf4+ Ke7 43. Qc7+ Kf6 44. Qf4+ Kg7 45. a4
Qd5+ 46. Ka3 c5 47. a5 h6 48. Qe3 Kg6 49. Qe2 c4 50. Qg4+ Qg5 51. Qxc4 Qxa5+
52. Kb3 Qd5 53. Kb4 Qxc4+ 54. Kxc4 Kf6 0-1

[Event "60. BEM 2006"]
[Site "Dortmund"]
[Date "2006.03.09"]
[Round "3.16"]
[White "Jähnicke, Karl-Heinz"]
[Black "Schröder, Marcel"]
[Result "1-0"]
[WhiteElo "1763"]
[BlackElo "1452"]
[PlyCount "47"]
[EventDate "2006.??.??"]
[Source "SG Dortmund"]
[SourceDate "2004.12.16"]

1. d4 Nf6 2. c4 e6 3. Nf3 d5 4. Nc3 Bb4 5. e3 Nbd7 6. Bd3 O-O 7. O-O Re8 8. Ne5
Nxe5 9. dxe5 Nd7 10. f4 dxc4 11. Bxc4 Nb6 12. Bd3 Bxc3 13. bxc3 c5 14. Qe2 Bd7
15. Qh5 g6 16. Qh6 Qe7 17. Ba3 Nd5 18. Rf3 Nxc3 19. Rc1 Na4 20. Rh3 f5 21. exf6
Qf7 22. Bxg6 Qxg6 23. Rg3 Qxg3 24. hxg3 1-0

[Event "60. BEM 2006"]
[Site "Dortmund"]
[Date "2006.03.10"]
[Round "3.17"]
[White "Kolodziej, Dennis"]
[Black "Schaefer, Ulrich"]
[Result "1-0"]
[WhiteElo "1727"]
[BlackElo "1412"]
[PlyCount "81"]
[EventDate "2006.??.??"]
[Source "SG Dortmund"]
[SourceDate "2004.12.16"]

{Diese Partie wurde gespielt am Freitag, den 10. Maerz 2006. Spielort:
Westfalen-Kolleg, Rheinische Str. 67, 44137 Dortmund.} 1. e4 e5 2. Nf3 Nf6 3.
Nxe5 d6 4. Nf3 Nxe4 5. Bd3 d5 6. Qe2 Qe7 7. O-O Nc5 8. Re1 Qxe2 9. Bxe2 Be6 10.
d4 Ne4 11. Bd3 f5 12. Bf4 c5 13. Bb5+ Bd7 14. Nc3 cxd4 15. Nxd4 Bc5 16. Rad1
O-O 17. Bxd7 Nxd7 18. Nxd5 Bxd4 19. Rxd4 Ndf6 20. f3 Nxd5 21. Rxd5 Nf6 22. Rxf5
Rad8 23. Bg5 Rd6 24. Bxf6 gxf6 25. Re7 Rd1+ 26. Kf2 Rd2+ 27. Re2 Rxe2+ 28. Kxe2
Rc8 29. c3 Rc6 30. Rd5 Rb6 31. b4 Ra6 32. Ra5 Rxa5 33. bxa5 Kf7 34. Ke3 Ke6 35.
Ke4 h6 36. f4 f5+ 37. Kd4 Kd6 38. c4 Ke6 39. c5 h5 40. h4 Kf6 41. Kd5 1-0

[Event "60. BEM 2006"]
[Site "Dortmund"]
[Date "2006.03.09"]
[Round "3.18"]
[White "Skoecz, Horst"]
[Black "Schultz, Bernfried"]
[Result "0-1"]
[WhiteElo "1456"]
[BlackElo "1716"]
[PlyCount "80"]
[EventDate "2006.??.??"]
[Source "SG Dortmund"]
[SourceDate "2004.12.16"]

1. e4 e5 2. Nc3 Bb4 3. Nd5 Ba5 4. b4 Bb6 5. Nxb6 axb6 6. c3 Nf6 7. Qc2 O-O 8.
Be2 d6 9. d3 h6 10. Nh3 Bd7 11. Qd1 b5 12. f4 Bxh3 13. gxh3 Ne8 14. Rg1 Qh4+
15. Rg3 exf4 16. Bxf4 Qxf4 17. Bf3 Nc6 18. d4 Qe3+ 19. Kf1 Qxc3 20. d5 Ne5 21.
Be2 Qxb4 22. Qc1 Kh7 23. a3 Qxe4 24. Bxb5 Qh1+ 25. Rg1 Qxd5 26. Qc2+ g6 27. Be2
f5 28. Rd1 Qe4 29. Qxe4 fxe4+ 30. Kg2 Rxa3 31. Rgf1 Rxf1 32. Bxf1 Ra2+ 33. Kh1
Nf6 34. Rc1 c6 35. Bg2 d5 36. Rb1 b5 37. Kg1 Kg7 38. Re1 Nh5 39. Bxe4 dxe4 40.
Rxe4 Nf3+ 0-1

[Event "60. BEM 2006"]
[Site "Dortmund"]
[Date "2006.03.09"]
[Round "3.19"]
[White "Jentzsch, Werner Wilfried"]
[Black "Werner, Patrick"]
[Result "0-1"]
[WhiteElo "1429"]
[BlackElo "1691"]
[PlyCount "24"]
[EventDate "2006.??.??"]
[Source "SG Dortmund"]
[SourceDate "2004.12.16"]

1. d4 Nf6 2. c4 g6 3. Nc3 Bg7 4. e4 d6 5. f4 O-O 6. Nf3 c5 7. dxc5 Qa5 8. cxd6
Nxe4 9. dxe7 Re8 10. Qd5 Bxc3+ 11. bxc3 Qxc3+ 12. Nd2 Qe3+ 0-1

[Event "60. BEM 2006"]
[Site "Dortmund"]
[Date "2006.03.09"]
[Round "3.20"]
[White "Rölz, Marcus"]
[Black "Baier, Jörg"]
[Result "1-0"]
[WhiteElo "1674"]
[BlackElo "1388"]
[PlyCount "61"]
[EventDate "2006.??.??"]
[Source "SG Dortmund"]
[SourceDate "2004.12.16"]

1. Nf3 Nf6 2. d4 g6 3. Bf4 Bg7 4. Nbd2 d6 5. e4 O-O 6. c3 Nh5 7. Be3 e5 8. Qc2
Nc6 9. d5 Ne7 10. Bd3 h6 11. O-O-O f5 12. Nf1 f4 13. Bd2 g5 14. h3 Ng6 15. Be2
Nf6 16. g3 Bxh3 17. Nxg5 hxg5 18. Rxh3 Qd7 19. Rh1 Ng4 20. Bxg4 Qxg4 21. Re1
Qd7 22. Nh2 Kf7 23. Nf3 Kf6 24. Rh5 Qg4 25. Rxg5 Qxf3 26. gxf4 Nxf4 27. Rg3
Ne2+ 28. Rxe2 Qxe2 29. Bg5+ Kf7 30. Qxe2 Kg8 31. Bh6 1-0

[Event "60. BEM 2006"]
[Site "Dortmund"]
[Date "2006.03.09"]
[Round "3.21"]
[White "Gegner, Michael"]
[Black "Duschek, Günter"]
[Result "1/2-1/2"]
[WhiteElo "1412"]
[BlackElo "1674"]
[PlyCount "48"]
[EventDate "2006.??.??"]
[Source "SG Dortmund"]
[SourceDate "2004.12.16"]

1. d4 Nf6 2. Nc3 d5 3. e4 dxe4 4. f3 exf3 5. Nxf3 Bf5 6. Ne5 c6 7. g4 Bg6 8. h4
h5 9. Nxg6 fxg6 10. g5 Nd5 11. Bd3 Qd6 12. Qf3 Nd7 13. Nxd5 cxd5 14. c3 O-O-O
15. Bf4 e5 16. dxe5 Nxe5 17. Bxe5 Qxe5+ 18. Kd2 Bd6 19. Rae1 Qf4+ 20. Qxf4
Bxf4+ 21. Kc2 Rd6 22. Re7 Rg8 23. Rf1 Bg3 24. Rff7 Rb6 1/2-1/2

[Event "60. BEM 2006"]
[Site "Dortmund"]
[Date "2006.03.09"]
[Round "3.22"]
[White "Sennholz, Michael"]
[Black "Sroka, Andreas"]
[Result "1-0"]
[WhiteElo "1674"]
[BlackElo "1342"]
[PlyCount "49"]
[EventDate "2006.??.??"]
[Source "SG Dortmund"]
[SourceDate "2004.12.16"]

1. e4 c5 2. Nf3 e6 3. d4 cxd4 4. Nxd4 Nf6 5. Nc3 d6 6. Bg5 Be7 7. Ndb5 a6 8.
Bxf6 gxf6 9. Nd4 b5 10. Qh5 Qb6 11. O-O-O Nc6 12. Nxc6 Qxc6 13. Nxb5 Rb8 14.
Nc3 Qb6 15. b3 Qxf2 16. Qa5 Bd8 17. Qa4+ Bd7 18. Qxa6 Qe3+ 19. Kb2 f5 20. Qxd6
Rb7 21. Bb5 Qa7 22. Bxd7+ Rxd7 23. Qc6 fxe4 24. Nb5 Bf6+ 25. Kb1 1-0

[Event "60. BEM 2006"]
[Site "Dortmund"]
[Date "2006.03.09"]
[Round "3.23"]
[White "Rutmann, Ulrich"]
[Black "Raskin, Vitali"]
[Result "1-0"]
[WhiteElo "1393"]
[BlackElo "1663"]
[PlyCount "109"]
[EventDate "2006.??.??"]
[Source "SG Dortmund"]
[SourceDate "2004.12.16"]

1. e4 e5 2. Nf3 Nc6 3. Bb5 a6 4. Ba4 Nf6 5. d3 d6 6. c3 Be7 7. O-O O-O 8. Bg5
h6 9. Bxf6 Bxf6 10. Nbd2 Bg4 11. h3 Bh5 12. Qc1 g5 13. Nh2 b5 14. Bd1 Bg6 15.
Ng4 Bg7 16. Ne3 Ne7 17. Bb3 c6 18. Qd1 d5 19. Bc2 Qb6 20. exd5 cxd5 21. Qf3
Rad8 22. Nb3 d4 23. cxd4 exd4 24. Ng4 Nd5 25. a3 Kh8 26. Rfe1 Bh5 27. Qg3 Nf4
28. h4 Rfe8 29. Rac1 Ne2+ 30. Rxe2 Rxe2 31. hxg5 Bxg4 32. Qxg4 Re6 33. Qh4 Rg6
34. f4 Kg8 35. Re1 hxg5 36. fxg5 Re6 37. Rf1 Rg6 38. Nd2 Qc5 39. Bb3 Rf8 40.
Ne4 Qe5 41. Qh5 Re6 42. Bxe6 fxe6 43. Rxf8+ Kxf8 44. Qf3+ Ke7 45. g6 Qf5 46.
Qg3 Qe5 47. Qh4+ Kd7 48. Qf2 Kc6 49. Qc2+ Kb6 50. b4 Qc7 51. Nc5 e5 52. Qb3 Ka7
53. Qe6 Bh6 54. Qxa6+ Kb8 55. Qxb5+ 1-0

[Event "60. BEM 2006"]
[Site "Dortmund"]
[Date "2006.03.09"]
[Round "3.24"]
[White "Ewers, Christian"]
[Black "Dedeck, Sylvia"]
[Result "1-0"]
[WhiteElo "1662"]
[BlackElo "984"]
[PlyCount "43"]
[EventDate "2006.??.??"]
[Source "SG Dortmund"]
[SourceDate "2004.12.16"]

1. e4 c5 2. c3 Nc6 3. d4 e6 4. d5 exd5 5. exd5 Ne5 6. f4 Ng6 7. Nf3 d6 8. Bb5+
Bd7 9. Qe2+ Be7 10. O-O Nxf4 11. Bxf4 Nf6 12. Bxd6 Bxb5 13. Qxb5+ Qd7 14. Qxd7+
Kxd7 15. Bxe7 Kxe7 16. c4 Kd6 17. Nc3 a6 18. Ng5 Raf8 19. Nge4+ Nxe4 20. Nxe4+
Kc7 21. Nxc5 Kb6 22. Nd7+ 1-0

[Event "60. BEM 2006"]
[Site "Dortmund"]
[Date "2006.03.09"]
[Round "3.26"]
[White "Clausen, Dirk"]
[Black "Ziemek, Gerhard"]
[Result "0-1"]
[WhiteElo "1287"]
[BlackElo "1591"]
[PlyCount "68"]
[EventDate "2006.??.??"]
[Source "SG Dortmund"]
[SourceDate "2004.12.16"]

1. Nf3 Nf6 2. d4 d5 3. e3 e6 4. b3 Bd6 5. Be2 O-O 6. O-O Nbd7 7. Bb2 a6 8. c4
dxc4 9. Bxc4 b5 10. Be2 Bb7 11. Nc3 Rc8 12. Rc1 Qe7 13. Qd2 Bb4 14. Qd3 Rfd8
15. Qb1 c5 16. a4 cxd4 17. Nxd4 Bxc3 18. Bxc3 b4 19. Ba1 Nc5 20. f3 Nd5 21. Rc4
Nxe3 22. Rfc1 Nxc4 23. Rxc4 a5 24. Nb5 Bd5 25. Rg4 f6 26. Nd4 Bxb3 27. Rh4 g6
28. Bb5 Bxa4 29. Bxa4 Nxa4 30. Kf2 Nc3 31. Qb3 Rd6 32. Rg4 Kg7 33. Rh4 Qa7 34.
Ke3 e5 0-1

[Event "60. BEM 2006"]
[Site "Dortmund"]
[Date "2006.03.09"]
[Round "3.27"]
[White "Mueller, Siegfried"]
[Black "Bötzel, Sascha"]
[Result "0-1"]
[WhiteElo "1555"]
[BlackElo "1300"]
[PlyCount "40"]
[EventDate "2006.??.??"]
[Source "SG Dortmund"]
[SourceDate "2004.12.16"]

1. g3 Nf6 2. Bg2 g6 3. f4 d5 4. Nf3 Nc6 5. d3 Bg7 6. O-O O-O 7. h3 Re8 8. Qe1
e5 9. fxe5 Nxe5 10. Nxe5 Rxe5 11. Bf4 Re8 12. Nc3 c6 13. Qf2 Qb6 14. Qxb6 axb6
15. Rfe1 Nh5 16. Bc7 Bd4+ 17. Kf1 Re7 18. Bd6 Re6 19. Bc7 Rf6+ 20. Bf4 Nxg3#
0-1

[Event "60. BEM 2006"]
[Site "Dortmund"]
[Date "2006.03.09"]
[Round "3.28"]
[White "Schrimpl, Michael"]
[Black "Schoppe, Hans-Werner"]
[Result "1-0"]
[WhiteElo "1497"]
[BlackElo "1267"]
[PlyCount "79"]
[EventDate "2006.??.??"]
[Source "SG Dortmund"]
[SourceDate "2004.12.16"]

1. c4 c5 2. Nc3 Nc6 3. Nf3 Nf6 4. g3 g6 5. Bg2 Bg7 6. O-O O-O 7. a3 b6 {Zue!}
8. d4 cxd4 9. Nxd4 Bb7 10. Bf4 Re8 11. Nxc6 Bxc6 12. Rb1 Bxg2 13. Kxg2 e5 14.
Bg5 Qc7 15. Nb5 Qc6+ 16. Kg1 Re6 17. b3 a6 18. Nc3 Rd6 19. Qc2 Re8 20. Rfd1
Ree6 21. Rbc1 Rd4 22. Be3 Rxd1+ 23. Rxd1 Rd6 24. h3 Rxd1+ 25. Qxd1 Bf8 26. a4
Bb4 27. Nd5 Nxd5 28. cxd5 Qd6 29. Qd3 a5 30. Bh6 f5 31. Kg2 Bc5 32. f4 Kf7 33.
e4 fxe4 34. Qxe4 Bd4 35. f5 Qf6 36. fxg6+ hxg6 37. Qf3 Qxf3+ 38. Kxf3 Kf6 39.
g4 d6 40. Ke4 {Zue!} 1-0

[Event "60. BEM 2006"]
[Site "Dortmund"]
[Date "2006.03.09"]
[Round "3.29"]
[White "Grawe, Herbert"]
[Black "Noori, Mir Ahmad"]
[Result "0-1"]
[WhiteElo "1477"]
[BlackElo "1639"]
[PlyCount "112"]
[EventDate "2006.??.??"]
[Source "SG Dortmund"]
[SourceDate "2004.12.16"]

1. d4 g6 2. e4 Bg7 3. f4 e6 4. Nf3 Ne7 5. Bd3 Nbc6 6. c3 a6 7. O-O O-O 8. Nbd2
b5 9. Qe1 d5 10. e5 Nf5 11. Ng5 h6 12. Ngf3 b4 13. g4 Nfe7 14. Qg3 a5 15. h4
Ba6 16. Bxa6 Rxa6 17. h5 Qe8 18. Nh4 Nb8 19. Ndf3 Nd7 20. g5 Nf5 21. Nxf5 exf5
22. Nh4 Kh7 23. Bd2 c5 24. Rae1 Qe6 25. Qd3 Rc6 26. Rf2 Rh8 27. Rg2 Nf8 28. Qh3
Kg8 29. Re3 cxd4 30. cxd4 hxg5 31. Rxg5 Rh6 32. Reg3 Nh7 33. hxg6 Nxg5 34. Rxg5
fxg6 35. Qg3 Qf7 36. Qe1 Rc2 37. Nf3 Kh7 38. e6 Qe8 39. Rg2 Bf6 40. Ng5+ Bxg5
41. fxg5 Rh5 42. Qe5 Qe7 43. Qxd5 Kg8 44. Qa8+ Kg7 45. d5 Rxd2 46. Rxd2 Qxg5+
47. Rg2 Qc1+ 48. Kf2 Qxb2+ 49. Kg1 Qb1+ 50. Kf2 Qxa2+ 51. Kg3 f4+ 52. Kxf4 Qxg2
53. Qa7+ Kh6 54. Qe3 Qg5+ 55. Ke4 Qxe3+ 56. Kxe3 Rxd5 0-1

[Event "60. BEM 2006"]
[Site "Dortmund"]
[Date "2006.03.09"]
[Round "3.30"]
[White "Stiebel, Erhard"]
[Black "Hansen, Jochen"]
[Result "1/2-1/2"]
[WhiteElo "1548"]
[BlackElo "1232"]
[PlyCount "90"]
[EventDate "2006.??.??"]
[Source "SG Dortmund"]
[SourceDate "2004.12.16"]

1. d4 d5 2. Nf3 Nf6 3. e3 e6 4. Bd3 Be7 5. O-O O-O 6. Ne5 Nbd7 7. f4 c5 8. c3
Ne4 9. Nd2 f5 10. Ndf3 Ndf6 11. Kh1 Ng4 12. Nxg4 fxg4 13. Ne5 Bh4 14. Bxe4 dxe4
15. Qxg4 cxd4 16. cxd4 Bf6 17. Bd2 Qd5 18. b3 Bxe5 19. fxe5 Bd7 20. Bb4 Rf5 21.
Bd6 Qb5 22. Qd1 Rc8 23. a4 Qa6 24. Re1 Rf2 25. Rc1 Qd3 26. Rxc8+ Bxc8 27. Qxd3
exd3 28. Rd1 d2 29. Kg1 Re2 30. Kf1 Rxe3 31. Rxd2 Rxb3 32. Rf2 Rb1+ 33. Ke2
Rb2+ 34. Ke3 Rxf2 35. Kxf2 Bd7 36. a5 Kf7 37. Ke3 a6 38. Kd3 Kg6 39. Ke3 Kf5
40. h3 h5 41. Bc5 Bc6 42. Kf2 g5 43. g3 g4 44. hxg4+ hxg4 45. Ke3 Bd5 1/2-1/2

[Event "60. BEM 2006"]
[Site "Dortmund"]
[Date "2006.03.09"]
[Round "3.31"]
[White "Marienfeld, Udo"]
[Black "Wilms, Christoph"]
[Result "1-0"]
[WhiteElo "1220"]
[BlackElo "1526"]
[PlyCount "81"]
[EventDate "2006.??.??"]
[Source "SG Dortmund"]
[SourceDate "2004.12.16"]

1. e4 c5 2. Nf3 d6 3. d4 cxd4 4. Nxd4 Nf6 5. Nc3 a6 6. Bc4 e6 7. Be3 Be7 8. Qd2
Ng4 9. f3 Nxe3 10. Qxe3 Nd7 11. Bxe6 fxe6 12. Nxe6 Qa5 13. Nxg7+ Kf7 14. Nf5
Nf6 15. Nxe7 Kxe7 16. O-O-O Be6 17. Nd5+ Bxd5 18. exd5+ Kd7 19. Qe6+ Kc7 20.
Qxf6 Qc5 21. Rhe1 Kb6 22. Qd4 Rac8 23. Qxc5+ Rxc5 24. Re6 Rd8 25. Re7 Rdc8 26.
c3 R8c7 27. Rxc7 Rxc7 28. Rd4 Re7 29. Kd2 Rg7 30. g3 Kc5 31. b3 b5 32. b4+ Kb6
33. a3 Kc7 34. Re4 Kd7 35. Ke3 Rg5 36. Kd4 Rh5 37. Rh4 Rxh4+ 38. gxh4 Ke7 39.
c4 Kf6 40. c5 Ke7 41. c6 1-0

[Event "60. BEM 2006"]
[Site "Dortmund"]
[Date "2006.03.09"]
[Round "3.33"]
[White "Hast, Stefan"]
[Black "Gennat, Egon L"]
[Result "0-1"]
[WhiteElo "1169"]
[BlackElo "1380"]
[PlyCount "84"]
[EventDate "2006.??.??"]
[Source "SG Dortmund"]
[SourceDate "2004.12.16"]

1. e4 e6 2. d4 d5 3. exd5 exd5 4. Nf3 Bd6 5. Bd3 Ne7 6. Bg5 O-O 7. O-O Bg4 8.
Be2 c6 9. Re1 Qc7 10. g3 Re8 11. Bf1 Nd7 12. Bg2 Ng6 13. Qd3 Rxe1+ 14. Nxe1 Re8
15. Nd2 h6 16. Be3 Nf6 17. b3 Qd7 18. c4 Bf5 19. Qc3 Ne4 20. Nxe4 Bxe4 21. f3
Bf5 22. g4 Be6 23. Nd3 Bxg4 24. fxg4 Rxe3 25. Re1 Qe6 26. cxd5 cxd5 27. Rxe3
Qxe3+ 28. Kh1 Nf4 29. Qc8+ Kh7 30. Qf5+ Ng6 31. Ne5 Qe1+ 32. Qf1 Qxf1+ 33. Bxf1
Nxe5 34. dxe5 Bxe5 35. Kg2 Kg6 36. Kf3 Bxh2 37. Ke3 Be5 38. Bg2 f5 39. gxf5+
Kxf5 40. Bxd5 b6 41. Be4+ Kf6 42. Kf3 h5 0-1

[Event "60. BEM 2006"]
[Site "Dortmund"]
[Date "2006.03.09"]
[Round "3.34"]
[White "Krüger, Inge"]
[Black "Müller, Michaela"]
[Result "1/2-1/2"]
[WhiteElo "1351"]
[BlackElo "1098"]
[PlyCount "67"]
[EventDate "2006.??.??"]
[Source "SG Dortmund"]
[SourceDate "2004.12.16"]

1. d4 e6 2. c4 d5 3. Nc3 Nf6 4. Bg5 Be7 5. e3 b6 6. Nf3 Bb7 7. cxd5 Nxd5 8.
Bxe7 Qxe7 9. Be2 O-O 10. O-O Nd7 11. Rc1 Rac8 12. a3 c5 13. Qb3 Nxc3 14. bxc3
Bd5 15. c4 Bb7 16. Rfe1 Nf6 17. h3 Rc7 18. Nh2 Rfc8 19. Red1 h6 20. Ng4 Nxg4
21. Bxg4 Rd8 22. Be2 Ba8 23. dxc5 Rxc5 24. Rxd8+ Qxd8 25. Rd1 Qg5 26. f3 Bc6
27. Rd4 Qe7 28. Qd3 Be8 29. Bd1 f5 30. Bc2 g6 31. Qd1 Kf7 32. Ba4 Bxa4 33. Qxa4
Rc7 34. Qb3 1/2-1/2